Robbins and Cotran pathologic basis of disease. (Record no. 677)
[ view plain ]
| 000 -LEADER | |
|---|---|
| fixed length control field | 00924cam a22003014a 4500 |
| 001 - CONTROL NUMBER | |
| control field | 13564540 |
| 003 - CONTROL NUMBER IDENTIFIER | |
| control field | OSt |
| 005 - DATE AND TIME OF LATEST TRANSACTION | |
| control field | 20260402135901.0 |
| 008 - FIXED-LENGTH DATA ELEMENTS--GENERAL INFORMATION | |
| fixed length control field | 040420s2005 paua b 001 0 eng |
| 010 ## - LIBRARY OF CONGRESS CONTROL NUMBER | |
| LC control number | 2004046835 |
| 020 ## - INTERNATIONAL STANDARD BOOK NUMBER | |
| International Standard Book Number | 0721601871 |
| 035 ## - SYSTEM CONTROL NUMBER | |
| System control number | (DNLM)101214483 |
| 040 ## - CATALOGING SOURCE | |
| Original cataloging agency | DNLM/DLC |
| Transcribing agency | DLC |
| Modifying agency | DLC |
| 042 ## - AUTHENTICATION CODE | |
| Authentication code | pcc |
| 050 00 - LIBRARY OF CONGRESS CALL NUMBER | |
| Classification number | RB111 |
| Item number | .R62 2005 |
| 060 10 - NATIONAL LIBRARY OF MEDICINE CALL NUMBER | |
| Classification number | QZ 4 |
| Item number | R6354 2005 |
| 082 00 - DEWEY DECIMAL CLASSIFICATION NUMBER | |
| Classification number | 616.07 |
| Edition number | 22 |
| Item number | QZ 4 K96r 2005 |
| 100 ## - MAIN ENTRY--PERSONAL NAME | |
| Personal name | [edited by] Vinay Kumar, Abul K. Abbas, Nelson Fausto |
| 9 (RLIN) | 11201 |
| 245 00 - TITLE STATEMENT | |
| Title | Robbins and Cotran pathologic basis of disease. |
| 250 ## - EDITION STATEMENT | |
| Edition statement | 7th ed. |
| 260 ## - PUBLICATION, DISTRIBUTION, ETC. (IMPRINT) | |
| Place of publication, distribution, etc. | Philadelphia : |
| Name of publisher, distributor, etc. | Elsevier Saunders, |
| Date of publication, distribution, etc. | c2005. |
| 300 ## - PHYSICAL DESCRIPTION | |
| Extent | xv, 1525 p. : |
| Other physical details | col.ill: |
| Dimensions | 29 cm.+ |
| Accompanying material | 1 CD-ROM |
| 504 ## - BIBLIOGRAPHY, ETC. NOTE | |
| Bibliography, etc | Includes bibliographical references and index. |
| 650 #0 - SUBJECT ADDED ENTRY--TOPICAL TERM | |
| Topical term or geographic name as entry element | Pathology. |
| 9 (RLIN) | 37 |
| 650 12 - SUBJECT ADDED ENTRY--TOPICAL TERM | |
| Topical term or geographic name as entry element | Pathologic diseases |
| 9 (RLIN) | 37 |
| 906 ## - LOCAL DATA ELEMENT F, LDF (RLIN) | |
| a | 7 |
| b | cbc |
| c | orignew |
| d | 1 |
| e | ocip |
| f | 20 |
| g | y-gencatlg |
| 942 ## - ADDED ENTRY ELEMENTS (KOHA) | |
| Source of classification or shelving scheme | Other/Generic Classification Scheme |
| Koha item type | Short Loan |
| Withdrawn status | Lost status | Source of classification or shelving scheme | Damaged status | Not for loan | Home library | Current library | Date acquired | Source of acquisition | Inventory number | Total Checkouts | Full call number | Barcode | Date last seen | Koha item type | Date last checked out |
|---|---|---|---|---|---|---|---|---|---|---|---|---|---|---|---|
| Other/Generic Classification Scheme | MUST Main Library | MUST Main Library | 04/11/2014 | Purchase | 05/23822 | QZ 4 K96r 2005 | 2014-3261 | 04/11/2014 | Short Loan | ||||||
| Other/Generic Classification Scheme | MUST Main Library | MUST Main Library | 04/11/2014 | Purchase | 06/26960 | 2 | QZ 4 K96r 2005 | 2014-3262 | 08/10/2022 | Book Bank | 12/07/2022 | ||||
| Other/Generic Classification Scheme | MUST Main Library | MUST Main Library | 04/11/2014 | Purchase | 06/26682 | QZ 4 K96r 2005 | 2014-3263 | 04/11/2014 | Short Loan |
